000
00228nam a2200121Ia 4500
100
_a
#N/A
650
_a
Mangement
942
_c
BK
654
_a
career
245
_a
Emerging careers
260
_b
#N/A
_c
2008
546
_a
ENGLISH
999
_c
34133
_d
34133